000 00746pam a2200241 a 4500
999 _c4017
_d4017
001 20187
003 BD-DhUAP
005 20200316144646.0
008 200316s20162011ii 000 0 eng
020 _a9788130918778
040 _aDLC
_cDLC
_dBD-DhUAP
_bEng
082 0 0 _a808.042 MCL
_223
100 1 _aMcLaren, Stephen.
245 1 0 _aEssay writing made simple :
_ban essential aid for exam success /
_cStephen McLaren.
250 _a2nd ed.
260 _aNew Delhi :
_bViva books,
_cc2011 [Reprinted 2016].
300 _axvi, 153 pages :
_billustrations ;
_c20 cm.
504 _aIncludes bibliography.
650 0 _aAcademic writing.
650 0 _aEnglish language
_xWritten English.
650 0 _aEnglish language
_xStyle.
942 _2ddc
_cBK